Countries by Lowest Corruption - Statistics

General Stats
  • This quiz has been taken 811 times
  • The average score is 9 of 10
Answer Stats
Hint Answer % Correct
8 Sweden
96%
2 Finland
95%
6 Norway
95%
1 Denmark
93%
7 Switzerland
84%
9 Netherlands
82%
5 Luxembourg
79%
4 New Zealand
79%
10 Australia
77%
3 Singapore
76%
No matching quizzes found
Score Distribution
Percent of People with Each Score
Percentile by Number Answered
Your Score History
You have not taken this quiz